International economics / (Record no. 174322)

000 -LEADER
fixed length control field 01434cam a2200325 a 4500
001 - CONTROL NUMBER
control field 13262164
003 - CONTROL NUMBER IDENTIFIER
control field Nust
005 - DATE AND TIME OF LATEST TRANSACTION
control field 20180117090021.0
008 - FIXED-LENGTH DATA ELEMENTS--GENERAL INFORMATION
fixed length control field 030703s2004 nyuab b 001 0 eng
010 ## - LIBRARY OF CONGRESS CONTROL NUMBER
LC control number 2003272008
020 ## - INTERNATIONAL STANDARD BOOK NUMBER
International Standard Book Number 0471230707
040 ## - CATALOGING SOURCE
Original cataloging agency DLC
Transcribing agency DLC
Modifying agency DLC
050 00 - LIBRARY OF CONGRESS CALL NUMBER
Classification number HF1411
Item number .S239 2004
082 00 - DEWEY DECIMAL CLASSIFICATION NUMBER
Classification number 337
Edition number 22
100 1# - MAIN ENTRY--PERSONAL NAME
Personal name Salvatore, Dominick.
245 10 - TITLE STATEMENT
Title International economics /
Statement of responsibility, etc. Dominick Salvatore.
250 ## - EDITION STATEMENT
Edition statement 8th ed.
260 ## - PUBLICATION, DISTRIBUTION, ETC.
Place of publication, distribution, etc. New York :
Name of publisher, distributor, etc. J. Wiley,
Date of publication, distribution, etc. c2004.
300 ## - PHYSICAL DESCRIPTION
Extent xxxviii, 826 p. :
Other physical details ill. (some col.), col. map ;
Dimensions 24 cm.
500 ## - GENERAL NOTE
General note Map on lining paper.
504 ## - BIBLIOGRAPHY, ETC. NOTE
Bibliography, etc. note Includes bibliographical references and indexes.
650 #0 - SUBJECT ADDED ENTRY--TOPICAL TERM
Topical term or geographic name entry element International economic relations.
856 42 - ELECTRONIC LOCATION AND ACCESS
Materials specified Publisher description
Uniform Resource Identifier <a href="http://www.loc.gov/catdir/description/wiley037/2003272008.html">http://www.loc.gov/catdir/description/wiley037/2003272008.html</a>
856 41 - ELECTRONIC LOCATION AND ACCESS
Materials specified Table of contents
Uniform Resource Identifier <a href="http://www.loc.gov/catdir/toc/wiley032/2003272008.html">http://www.loc.gov/catdir/toc/wiley032/2003272008.html</a>
906 ## - LOCAL DATA ELEMENT F, LDF (RLIN)
a 7
b cbc
c origcop
d 3
e ncip
f 20
g y-gencatlg
942 ## - ADDED ENTRY ELEMENTS (KOHA)
Source of classification or shelving scheme
Koha item type Book
Holdings
Withdrawn status Lost status Source of classification or shelving scheme Damaged status Not for loan Collection code Permanent Location Current Location Shelving location Date acquired Total Checkouts Full call number Barcode Date last seen Date last checked out Price effective from Koha item type
            Central Library (CL) Central Library (CL) General Stacks 01/23/2017 1 337 SAL S3H-N-1075 09/06/2021 03/13/2021 01/23/2017 Book
            Central Library (CL) Central Library (CL) General Stacks 02/22/2017   337 SAL S3H-N-1076 02/22/2017   02/22/2017 Book
© 2023 Central Library, National University of Sciences and Technology. All Rights Reserved.